Notte sull'acqua /

সংরক্ষণ করুন:
গ্রন্থ-পঞ্জীর বিবরন
প্রধান লেখক: Follett, Ken (লেখক)
অন্যান্য লেখক: Rambelli, Roberta
বিন্যাস: গ্রন্থ
ভাষা:ইতালিয়
প্রকাশিত: Milano : A. Mondadori, stampa 2000
সংস্করন:13. rist
মালা:Bestsellers ; 340
ট্যাগগুলো: ট্যাগ যুক্ত করুন
কোনো ট্যাগ নেই, প্রথমজন হিসাবে ট্যাগ করুন!

MARC

LEADER 00000nam a22000007i 4500
001 IT\ICCU\RMS\0138133
003 ItRI
005 20240806095442.0
008 011114s2000 it |||||| ||||| |||||c
020 |a 8804375469 
040 |b ita  |c CDM 
041 7 |a ita  |2 ISO-639-2 
100 1 |a Follett, Ken  |0 IT\ICCU\CFIV\000345  |4 aut 
240 1 0 |a Night over water. -  |9 Follett, Ken 
245 1 0 |a Notte sull'acqua /  |c Ken Follet ; traduzione di Roberta Rambelli. 
250 |a 13. rist 
260 |a Milano :  |b A. Mondadori,  |c stampa 2000 
300 |a 500 p. :  |b ill. ;  |c 20 cm. 
700 1 |a Rambelli, Roberta  |0 IT\ICCU\CFIV\007617 
830 0 |a Bestsellers ;  |v 340  |0 IT\ICCU\CFI\0012751 
942 |2 ddc  |c BK 
952 |0 0  |1 0  |2 ddc  |4 0  |6 823_910000000000000_FOL_NOT  |7 1  |9 1767  |a RA  |b RA  |d 2024-08-06  |l 0  |o 823.91 FOL NOT  |p 9364  |r 2024-08-06 09:55:31  |w 2024-08-06  |y BK 
981 1 |6 z01  |a i   |b xxxe  
982 1 |6 z01  |a n 
999 |c 1584  |d 1584